Statystyki dla 10 najmniejszych państw na świecie

Kliknij tutaj aby rozwiązać quiz!

Ogólne statystyki

  • Ten quiz został rozwiązany 118 razy
  • Średni wynik to 5 z 10

Statystyki odpowiedzi

HintOdpowiedź% Poprawnych
Europa (0,44 km²)Watykan
99%
Europa (61,6 km²)San Marino
90%
Europa (1,95 km²)Monako
86%
Europa (316 km²)Malta
65%
Oceania (21,3 km²)Nauru
49%
Europa (160 km²)Liechtenstein
46%
Oceania (26 km²)Tuvalu
32%
Oceania (181 km²)Wyspy Marshalla
28%
Azja (300 km²)Malediwy
27%
Ameryka Północna (261 km²)Saint Kitts i Nevis
21%

Rozkład punktacji

Percentyl według liczby udzielonych odpowiedzi

Procent ludzi z każdym wynikiem

Twoja historia wyników

Nie rozwiązałeś tego quizu